000 00685nam a2200217 a 4500
999 _c4059
_d4059
001 4059
003 BD-JhCC
005 20171123120733.0
008 171122s1984 bg |||| ||a| 000 0 ben d
035 _a(BD-JhCC)4059
040 _aBD-JhCC
_dBD-JhCC
041 _aben
082 _a784.4
_bHAR 1984
245 _aহারামনণ /
_cমুহম্মদ মনসুর উদ্দীন (সম্পা.)
260 _aঢাকা :
_bবাংলা একাডমী,
_c১৯৮৪.
300 _a248 p . :
_c21 cm.
650 _aCollectiuons Of Floksongs
700 _aউদ্দীন, মুহম্মদ মনসুর
942 _2ddc
_cBK